Statistiche per Quiz sul Vietnam

Clicka qui per fare il quiz!

Statistiche generali

  • Questo quiz è stato fatto 374 volte
  • Il punteggio medio è 13 su 20

Statistiche sulle risposte

HintRisposta% Corretto
Paesi che confinano con il VietnamLaos
93%
Paesi che confinano con il VietnamCina
92%
CapitaleHanoi
92%
Paesi che confinano con il VietnamCambogia
91%
Seconda religione più comune,
dopo "religioni popolari vietnamite"
Buddismo
86%
Paese che ha colonizzato il VietnamFrancia
82%
Coltura più comuneRiso
79%
Unico partito politico
Partito Comunista
78%
La città più popolosaHo Chi Minh City
72%
Penisola su cui si trova il VietnamIndocina
70%
Gruppo ribelle sud vietnamita
che ha combattuto gli Stati Uniti
Viet Cong
67%
Grande fiume che incontra il mare
nel Vietnam meridionale
Mekong
66%
Ex nome di quella città
Saigon
64%
Nomi di famiglia che rappresentano
per quasi il 50% della popolazione
Nguyen
40%
Che tipo di cibo è il pho?Zuppa
39%
MonetaDong
38%
Baia pittoresca composta da
circa 2000 piccole isole
La baia di Ha {long}
36%
Fiume che scorre attraverso la capitaleRosso
33%
Nome del Capodanno VietnamitaTet
32%
Nomi di famiglia che rappresentano quasi il 50% della popolazioneTran
28%

Distribuzione punteggi

Percentile per numero di risposta

Percentuale di utenti per punteggio

I tuoi punteggi nel tempo

Non hai fatto questo quiz